• 首页
  • 本馆介绍
  • 公告通知
  • 最新文献
  • 馆藏检索
  • 电子资源
  • 读者导购
  • 参考咨询
  • 我的图书馆
  • 登录
  • 详细信息显示
  • 放入我的书架
  • 预约/预借图书
  • 作者相关作品
  • 分类相关作品
  • 丛书相关作品
  • 出版社相关作品

书目信息

  • 表格格式
  • 工作单格式
  • 卡片格式
题名:
智慧的明灯
    
 
作者: ;中共中央马恩列斯著作编译局 编译
分册: 四  
出版信息: 北京   人民出版社  1983
页数: 235页
开本: 18cm
丛书名:
单 册:
中图分类: A7
科图分类:
主题词: 马克思--生平事迹 , 马克思--传记 , 恩格斯--生平事迹 , 恩格斯--传记
电子资源:
ISBN:
000 00886nam0 2200277 45
001 0183005876
005 20050517153341.8
010    @dCNY0.90
091    @a11001.533
100    @a19950929d1983 em y0chiy0121 ea
101 1  @achi
102    @aCN@b110000
105    @af z 000zc
200 10 @a智慧的明灯@Azhi hui de ming deng@e回忆马克思恩格斯@EHui Yi Ma Ke Si EnGe Si@h四@f中共中央马恩列斯著作编译局编译@FZhong Gong Zhong Yang Ma En Lie Si Zhu Zuo Bian Yi Ju Bian Yi
210    @a北京@c人民出版社@d1983
215    @a235页@c照片@d18cm
517    @a回忆马克思恩格斯@AHui Yi Ma Ke Si En Ge Si
606 0  @a马克思@x生平事迹
606 0  @a马克思@x传记
606 0  @a恩格斯@x生平事迹
606 0  @a恩格斯@x传记
690    @aA7@v3
711 02 @a中共中央马恩列斯著作编译局@4编译
801  0 @aCN@b上海图书馆@c20040102
801  2 @aCN@bNLC@c20040102
905    @dA7@e22:4@f1@b82527
    
    智慧的明灯:回忆马克思恩格斯.四/中共中央马恩列斯著作编译局编译.-北京:人民出版社,1983
    235页:照片;18cm
    
    
    ISBN :CNY0.90
    
●
相关链接 在E读中查询图书 在五车中查询图书 在当当中查询图书 在豆瓣中查询图书


正题名:智慧的明灯     索取号:A7/22:4         预约/预借

序号 登录号 条形码 馆藏地/架位号 状态 备注
1 0082523   001866430   密集书库/ [索取号:A7/22:4] 在馆    
2 0082524   000956120   第一借阅区/ [索取号:A7/22:4] 在馆    
3 0082525   001864897   密集书库/ [索取号:A7/22:4] 在馆    
4 0082526   000956219   第一借阅区/ [索取号:A7/22:4] 在馆    
5 0082527   000956166   第一样本阅览室/ [索取号:A7/22:4] 在馆    
6 0158586   000956175   第一借阅区/ [索取号:A7/22:4] 在馆    
7 0158587   001864904   密集书库/ [索取号:A7/22:4] 在馆    
8 0158588   001866528   密集书库/ [索取号:A7/22:4] 在馆    
唐山师范学院图书馆 欢迎您!
大连网信软件有限公司© 版权所有